| 000 | 00783cam a22002535a 4500 | ||
|---|---|---|---|
| 001 | 009386784 | ||
| 005 | 20180130110201.0 | ||
| 008 | 820621t1982 enka fr 001 0 eng d | ||
| 020 | _a0039103420 | ||
| 040 |
_aUk _cUk _beng _dEG-ScBUE |
||
| 082 | 0 | 4 |
_a657.024658 _218 |
| 082 | 0 | 4 |
_a657/.024658 _222 _bPIT |
| 100 | 1 |
_aPitt-Francis, D. _q(David), _d1935- |
|
| 245 | 1 | 0 |
_aAccounting concepts and methods : _baccounting 2 / _cD. Pitt Francis. |
| 260 |
_aLondon : _bHolt, Rinehart and Winston, _cc.1982. |
||
| 300 |
_axi, 354 p. : _bill. ; _c22 cm. |
||
| 490 | 0 | _aHolt business texts | |
| 500 | _aIncludes index. | ||
| 650 | 7 |
_aAccounting. _2BUEsh _99036 |
|
| 651 | _2BUEsh | ||
| 653 |
_bGGEN _bBUSADM _cJanuary2018 |
||
| 690 | 7 |
_aManagement and Business Studies _2blcoll |
|
| 942 | _2ddc | ||
| 999 |
_c26042 _d26014 |
||